[Event "Finland Team Ch 2011-2012"]
[Site "Helsinki FIN"]
[Date "2011.09.17"]
[Round "1"]
[White "Mannberg, Henry"]
[Black "Kauppala, Pekka"]
[Result "0-1"]
[Section "II Division:1"]
[Board "1"]
[WhiteTeam "Remi 2"]
[BlackTeam "Lauttasaaren Shakkikerho"]
[WhiteElo "1873"]
[BlackElo "2115"]

1.d4 b5 2.Nf3 Bb7 3.g3 e6 4.Bg2 c5 5.O-O Qb6 6.Be3 Nf6 7.dxc5 Bxc5
8.Bxc5 Qxc5 9.Nbd2 O-O 10.Rc1 d5 11.Nb3 Qc7 12.Qd4 Nbd7 13.Rfd1 a5
14.a4 e5 15.Qh4 e4 16.Ng5 bxa4 17.Nd4 h6 18.Nf5? Qe5 19.Nxh6+ gxh6
20.Qxh6 Rfd8 21.Bh3 Nf8 22.Qh8+ Kxh8 23.Nxf7+ Kg7 24.Nxe5 Ng6 25.Nxg6
Kxg6 26.Rd4 Ba6 27.e3 Bc4 28.Bf1 Rac8 29.Bxc4 Rxc4 30.c3 Rb8 31.Rc2
Rb3 32.Rxc4 dxc4 33.Kg2 a3 34.bxa3 Rxa3 35.f3 Nd5 36.Kf2 Rxc3 37.Ra2
Nb4 38.Rxa5 Nd3+ 39.Kf1 exf3 40.Ra1 Rc2 41.h3 Rh2 42.Kg1 Rg2+ 43.Kf1
Rxg3 44.Ra8 Rxh3 45.Rg8+ Kf7 46.Rg1 c3 0-1

[Event "Finland Team Ch 2011-2012"]
[Site "Helsinki FIN"]
[Date "2011.09.17"]
[Round "1"]
[White "Heikkinen, Jyrki"]
[Black "Tähtikallio, Jani"]
[Result "1-0"]
[Section "II Division:1"]
[Board "2"]
[WhiteTeam "Lauttasaaren Shakkikerho"]
[BlackTeam "Remi 2"]
[WhiteElo "2059"]
[BlackElo "1771"]

1.d4 Nf6 2.Nc3 d5 3.e4 Nxe4 4.Nxe4 dxe4 5.Bc4 Bf5 6.g4 Bg6 7.c3 Qd6
8.Ne2 Nd7 9.Bf4 Qb6 10.O-O h5 11.g5 h4 12.a4 a5 13.h3 e6 14.Be3 Qd6
15.Nf4 Bf5 16.f3 exf3 (16...Bxh3!) 17.Qxf3 c6 18.Rae1 Be7 19.Nxe6 fxe6
20.Bf4 e5 21.Bxe5 (21.Rxe5) Nxe5 22.Rxe5 g6 23.Rfe1 Rh7 24.Qf4 O-O-O
25.Rxf5 gxf5 26.Qxf5+ Kb8 27.Qxh7 Qg3+ 28.Kf1 Rf8+ 29.Ke2 Qf3+ 30.Kd2
Bxg5+ 31.Kc2 Qxh3 32.Kb3 Qf3?? 33.Rf1 Qxf1 34.Bxf1 Rxf1 35.Qg8+ Ka7
36.Qxg5 h3 37.Qxa5+ Kb8 38.Qe5+ Ka7 39.Qh2 Rf3 40.Kc2 Kb6 41.Kd2 Ka5
42.Ke2 Rf7 43.Qxh3 Re7+ 44.Kd2 Kxa4 45.c4 1-0

[Event "Finland Team Ch 2011-2012"]
[Site "Helsinki FIN"]
[Date "2011.09.17"]
[Round "1"]
[White "Uusitalo, Martti"]
[Black "Sobenin, Evgeny"]
[Result "1-0"]
[Section "II Division:1"]
[Board "3"]
[WhiteTeam "Remi 2"]
[BlackTeam "Lauttasaaren Shakkikerho"]
[WhiteElo "1759"]
[BlackElo "1952"]

1.c4 d6 2.d4 g6 3.Nc3 Bg7 4.Nf3 Nd7 5.e4 e5 6.Be3 Ne7 7.Be2 O-O 8.O-O
h6 (8...exd4) 9.dxe5 Nxe5 10.Nxe5 dxe5 11.Qxd8 Rxd8 12.Rfd1 Bd7
13.Rac1 a6 14.Bc5 Nc6 15.Nd5 Rac8? (15...Rdc8) 16.Ne7+ Kh7 17.Nxc8
Bxc8 18.Rxd8 Nxd8 19.b4 Ne6 20.Be3 Nd4 21.Bxd4 exd4 22.c5 c6 23.a4 Bd7
24.f4 g5 25.g3 Kg6 26.Kf2 h5 27.Bd3 Kf6 28.Re1 Bh6 29.e5+ Ke7 30.Kf3
gxf4 31.gxf4 Be6 32.b5 axb5 33.axb5 cxb5 34.Bxb5 Bd5+ 35.Kg3 Ke6
36.Bd3 Kd7 37.Bb5+ Ke6 38.h4 Bf8 39.Rc1 Kf5 40.Bd3+ Be4 41.Be2 Bh6
42.Rf1 Bf8 43.Bxh5 Bxc5 44.Bxf7 d3 45.h5 Bc6 46.Bg6+ Ke6 47.Bxd3 Bf8
48.Kg4 Bh6 49.Bc4+ Ke7 50.Kf5 Be8 51.Rb1 Bc6 52.Bd3 Bd7+ 53.Ke4 Bc6+
54.Ke3 Ke6 55.Be4 Bf8 56.Bxc6 bxc6 57.Ke4 1-0

[Event "Finland Team Ch 2011-2012"]
[Site "Helsinki FIN"]
[Date "2011.09.17"]
[Round "1"]
[White "Joutsivuo, Timo"]
[Black "Penttinen, Niko"]
[Result "1/2-1/2"]
[Section "II Division:1"]
[Board "4"]
[WhiteTeam "Lauttasaaren Shakkikerho"]
[BlackTeam "Remi 2"]
[WhiteElo "1936"]
[BlackElo "1731"]

1.d4 d5 2.c4 e5 3.cxd5 Qxd5 4.Nc3 Bb4 (4...Qxd4) 5.dxe5 Bxc3+ 6.bxc3
Qxe5 7.Qd4 Nc6 8.Qxe5+ Nxe5 9.Bf4 f6 10.Bxe5 fxe5 11.Nf3 e4 12.Nd4 Bd7
13.e3 Nf6 14.Bc4 c6 15.O-O Nd5 16.Rac1 O-O 17.a3 (17.Nb5! Rad8 18.Nc7)
g6 18.h3 Kg7 19.Bxd5 cxd5 20.c4 dxc4 21.Rxc4 Rac8 22.Rfc1 Rxc4 23.Rxc4
Rc8 24.Rxc8 Bxc8 25.Kf1 Kf6 26.Ke1 Ke5 27.Kd2 Bd7 28.Kc3 Kd5 29.Kb4 b6
30.Ne2 a5+ 31.Kb3 Kc5 32.h4 b5 33.Nd4 Kd5 34.Kc3 h6 35.Ne2 g5 36.hxg5
hxg5 37.Nc1 b4+? (37...Bg4) 38.axb4 a4 39.Ne2 Bg4 40.Nd4 Bd1??
(40...Bd7) 41.Nb5? (41.Kb2 Kc4 42.Ka3 Kd5 43.Nb5 Kc4 44.Nd6+ Kd5
45.Nb7 g4 46.Nc5 {+-}) g4 42.Na3 (42.g3 {+-}) Be2 43.Nb1 Bd3 44.Nd2 Be2
45.Kb2 Bd1 46.Ka3 Bc2 47.Ka2 (47.g3) Bd3 48.Kb2 Bc4?? 49.Nb1? (49.Nxc4
Kxc4 50.Ka3 Kb5 51.g3 {+-}) Bd3 50.Nc3 Kc4 51.Nxa4 Kxb4 52.Nb6 Bf1
53.Nd5+ Kc4 54.Nf4 Bxg2?? 55.Nxg2 Kd3 56.Nf4+ Kd2 57.Nh5 Ke2 58.Kc3
Kxf2 59.Kd4 Kf3 60.Nf4? (60.Ng7!! Kf2 (60...g3 61.Nf5) 61.Nf5 Kf3
62.Kd5 g3 63.Kd4 {+-}) g3 61.Nh3 g2 62.Ng1+ Kf2 63.Nh3+ Kf3 64.Ng1+
1/2-1/2

[Event "Finland Team Ch 2011-2012"]
[Site "Espoo FIN"]
[Date "2011.09.17"]
[Round "1"]
[White "Wigelius, Pentti"]
[Black "Riikonen, Matias"]
[Result "1/2-1/2"]
[Section "III Division:4"]
[Board "1"]
[WhiteTeam "Lauttasaaren Shakkikerho 2"]
[BlackTeam "Matinkylän Shakkikerho 6"]
[WhiteElo "1928"]
[BlackElo "1483"]

1.e4 c5 2.Nf3 g6 3.d4 cxd4 4.Nxd4 Nc6 5.Nxc6 bxc6 6.Be3 Bg7 7.Bd4 Nf6
8.Bd3 d6 9.O-O c5 10.Bc3 O-O 11.Nd2 Be6 12.Re1 Rb8 13.Bc4 Rb7 14.Bxe6
fxe6 15.Nf3 d5 16.exd5 exd5 17.Be5 Ne8 18.b3 e6 19.c4 Rd7 20.Bxg7 Nxg7
21.Qc2 Rdf7 1/2-1/2

[Event "Finland Team Ch 2011-2012"]
[Site "Espoo FIN"]
[Date "2011.09.17"]
[Round "1"]
[White "Lahdelma, Henri"]
[Black "Järvinen, Seppo"]
[Result "0-1"]
[Section "III Division:4"]
[Board "2"]
[WhiteTeam "Matinkylän Shakkikerho 6"]
[BlackTeam "Lauttasaaren Shakkikerho 2"]
[WhiteElo "1471"]
[BlackElo "1888"]

1.e4 e5 2.Nf3 Nc6 3.Bc4 h6 4.d4 exd4 5.Nxd4 d6 6.O-O Be7 7.Nxc6 bxc6
8.Qh5 d5 9.exd5 Nf6 10.Qd1 cxd5 11.Bb5+ Bd7 12.Bxd7+ Qxd7 13.Be3 O-O
14.Re1 Rfe8 15.Bd4 c5 16.Be5 Ng4 17.Bg3 h5 18.h3 Nh6 19.Qxh5 Bf6
20.Nc3 Rxe1+ 21.Rxe1 Rd8 22.Bf4 Nf5 23.Qd1 Nd4 24.Be3 Qf5 25.Bxd4 Bxd4
26.Na4 Bxf2+ 27.Kh1 Bxe1 28.Qxe1 Qxc2 29.Qa5 Re8 30.a3 Qc1+ 31.Kh2
Qf4+ 32.Kh1 Qg3 33.Nxc5 Re1+ 0-1

[Event "Finland Team Ch 2011-2012"]
[Site "Espoo FIN"]
[Date "2011.09.17"]
[Round "1"]
[White "Piippo, Mikko"]
[Black "Peltoniemi, Milla"]
[Result "1-0"]
[Section "III Division:4"]
[Board "3"]
[WhiteTeam "Lauttasaaren Shakkikerho 2"]
[BlackTeam "Matinkylän Shakkikerho 6"]
[WhiteElo "1828"]
[BlackElo "1390"]

1.d4 d5 2.Nf3 Nf6 3.Bf4 Bf5 4.c4 c6 5.e3 g6 6.Nc3 Bg7 7.Ne5 Nbd7 8.Be2
O-O 9.g4 Be6 10.h4 Nxe5 11.Bxe5 dxc4 12.h5 Nd5 13.Bxg7 Nxc3 14.bxc3
Kxg7 15.Qd2 Bd5 16.f3 b5 17.e4 Be6 18.hxg6 hxg6 19.Qh6+ Kg8 20.Qh8#
1-0

[Event "Finland Team Ch 2011-2012"]
[Site "Espoo FIN"]
[Date "2011.09.17"]
[Round "1"]
[White "Huuskonen, Santeri"]
[Black "Turtiainen, Kimmo"]
[Result "0-1"]
[Section "III Division:4"]
[Board "4"]
[WhiteTeam "Matinkylän Shakkikerho 6"]
[BlackTeam "Lauttasaaren Shakkikerho 2"]
[WhiteElo "1369"]
[BlackElo "1796"]

1.e4 e5 2.f4 Bc5 3.Nf3 Nc6 4.Nc3 Nf6 5.fxe5 Ng4 6.d4 Be7 7.Be2 d6
8.Bf4 dxe5 9.dxe5 Bc5 10.Qxd8+ Nxd8 11.Bg3 Ne3 12.Nd5 Nxg2+ 13.Kd2 Ne6
14.Bf1 c6 15.Bxg2 cxd5 16.exd5 Nd8 17.Rhe1 O-O 18.Rad1 a5 19.a3 b5
20.Kc1 Bd7 21.Bh4 Bf5 22.d6 Rc8 23.Be7 Be3+ 24.Rxe3 Rxc2+ 25.Kb1 Re2+
26.Kc1 Rc2+ 27.Kb1 Re2+ 28.Ka2 Be6+ 29.Ka1 Rxe3 30.Bxf8 Kxf8 31.Re1
Rd3 32.Ng5 Rd2 33.Nxe6+ fxe6 34.Bf1 Rd5 35.Bh3 Ke8 36.Re2 Kd7 37.Bg2
Rc5 38.b4 axb4 39.axb4 Rc4 40.Rb2 Nc6 41.Bf1 Rc1+ 42.Rb1 Rxb1+ 43.Kxb1
Nxe5 44.Bxb5+ Kxd6 45.Be2 g5 46.Kc2 Nc6 47.Kc3 e5 48.Bf3 Nd4 49.Be4 h5
50.Kd3 Ne6 51.Ke3 Nf4 52.Kf3 Kc7 53.Kg3 Kb6 54.h4 g4 55.Bc2 Kb5 56.Bb3
Kxb4 57.Bf7 Kc3 58.Kf2 Kd3 59.Bb3 e4 60.Kg3 e3 61.Kxf4 e2 62.Kg5 e1=Q
63.Kxh5 g3 64.Bd5 Qe5+ 65.Kg4 Qxd5 66.Kxg3 Ke4 67.Kg4 Qg8+ 68.Kh3 Kf3
69.Kh2 Qg2# 0-1

[Event "Finland Team Ch 2011-2012"]
[Site "Espoo FIN"]
[Date "2011.09.17"]
[Round "1"]
[White "Siikonen, Timo"]
[Black "Pihlman, Joni"]
[Result "1-0"]
[Section "III Division:4"]
[Board "5"]
[WhiteTeam "Lauttasaaren Shakkikerho 2"]
[BlackTeam "Matinkylän Shakkikerho 6"]
[WhiteElo "1777"]
[BlackElo "1325"]

1.e4 c5 2.f4 d6 3.Nf3 Nc6 4.Bb5 Bd7 5.O-O g6 6.Nc3 Bg7 7.d3 a6 8.Bxc6
Bxc6 9.Bd2 Qc7 10.Rb1 Nf6 11.Qe1 O-O 12.Qh4 Rfe8 13.Rbe1 Nd7 14.f5 Nf8
15.fxg6 fxg6 16.Bh6 e5?? (16...Bf6) 17.Ng5 Re7 18.Re3 Ne6 19.Bxg7 Nxg5
20.Bf6 Rf7 21.Bxg5 Raf8 22.Ref3 Rxf3 23.Rxf3 Rxf3 24.gxf3 Qb6 25.b3
c4+ 26.Qf2 Qxf2+ 27.Kxf2 cxd3 28.cxd3 Kg7 29.Be7 Kf7 30.Bxd6 Ke6
31.Bc5 h5 32.Kg3 b5 33.f4 h4+ 34.Kxh4 exf4 35.Kg4 Ke5 36.d4+ Kf6
37.Kxf4 g5+ 38.Kg4 Bd7+ 39.Kf3 Bc6 40.Ke3 Bd7 41.d5 Ke5 42.Bd4+ Kd6
43.e5+ Ke7 44.Bc5+ Kd8 45.e6 Bxe6 46.dxe6 b4 47.Bxb4 a5 48.Bxa5+ Ke7
49.b4 Kxe6 50.b5 Kd7 51.b6 Kc8 52.Nb5 g4 53.Nd6+ Kb8 54.Kf4 g3 55.hxg3
Ka8 56.g4 Kb8 57.g5 1-0

[Event "Finland Team Ch 2011-2012"]
[Site "Helsinki FIN"]
[Date "2011.09.17"]
[Round "1"]
[White "Sulkakoski, Kari"]
[Black "Laaksovuori, Tommi"]
[Result "0-1"]
[Section "III Division:2"]
[Board "1"]
[WhiteTeam "Matinkylän Shakkikerho 5"]
[BlackTeam "Lauttasaaren Shakkikerho 3"]
[WhiteElo "1601"]
[BlackElo "1683"]

1.d4 d5 2.c4 e5 3.dxe5 d4 4.Nf3 Nc6 5.a3 Be6 6.Nbd2 Nge7 7.Nb3 Nf5
8.Qc2 h5 9.Bf4 Qe7 10.Bg5 f6 11.exf6 gxf6 12.Bf4 O-O-O 13.g3 d3
(13...h4) 14.Qc3 Bg7 15.e3 h4 16.Bxd3 hxg3 17.fxg3 Nd6 18.Qc2 Bg4
19.Kf2 (19.O-O) Ne5 20.Be2 Bf5 21.Qc1 Ng4+ (21...Ne4+) 22.Kg2 (22.Kg1)
Bh6 23.Bd1?? (23.Bxh6) Bxf4 24.exf4 Ne3+ 25.Kg1 Bg4 (25...Nxd1)
26.Nbd2 Ne4 27.Be2 Nxd2 28.Nxd2 Bxe2 29.Qe1 Nc2 0-1

[Event "Finland Team Ch 2011-2012"]
[Site "Helsinki FIN"]
[Date "2011.09.17"]
[Round "1"]
[White "Varjokallio, Matti"]
[Black "Eränne, Tomi"]
[Result "1-0"]
[Section "III Division:2"]
[Board "2"]
[WhiteTeam "Lauttasaaren Shakkikerho 3"]
[BlackTeam "Matinkylän Shakkikerho 5"]
[WhiteElo "1674"]
[BlackElo "1535"]

1.e4 c5 2.Nf3 g6 3.d4 cxd4 4.Qxd4 Nf6 5.Bb5 a6 6.e5 axb5 7.exf6 Nc6
8.fxe7 Qxe7+ 9.Qe3 b4 10.Qxe7+ Nxe7 11.c3 Bg7 12.Kd1 Nc6 13.Re1+ Kd8
14.Be3 h6?? (14...h6 15.Bb6#) 1-0

[Event "Finland Team Ch 2011-2012"]
[Site "Helsinki FIN"]
[Date "2011.09.17"]
[Round "1"]
[White "Laurikainen, Janne"]
[Black "Heimonen, Arto"]
[Result "0-1"]
[Section "III Division:2"]
[Board "3"]
[WhiteTeam "Matinkylän Shakkikerho 5"]
[BlackTeam "Lauttasaaren Shakkikerho 3"]
[WhiteElo "1342"]
[BlackElo "1588"]

1.e4 c5 2.c3 d5 3.e5 Bd7 4.d4 e6 5.Nf3 Nc6 6.Be3 cxd4 7.cxd4 Bb4+
8.Nc3 Nge7 9.Bd3 Rc8 10.Bd2 a6 11.Rc1 Ba5 12.a3 b5 13.O-O Bb6 14.a4
Nxd4 15.axb5 axb5 16.Nxd4 Bxd4 17.Nxb5 Bxe5 18.Qh5 Bb8 (18...Rxc1
19.Rxc1 Qb8) 19.Bc3 Kf8 (19...Ng6! 20.Bxg7?? Rxc1 21.Rxc1 Nf4 22.Qh6
Nxd3 {-+}) 20.Qg4 Ng6 21.Qb4 Qe7 22.Qxe7 Nxe7 23.Bb4 Ke8 24.Nd6 Bxd6
25.Bxd6 Bc6 26.Be5 (26.Ba6 Ra8) f6 27.Bd6 Kd7 28.Ba3 d4 29.Rc4 e5
30.Rfc1 Bd5 31.Rc5 Rxc5 32.Rxc5 Ke6 33.Rc7 Ng6 34.Rxg7 e4 35.Bb5 d3
36.Bb4 Ne5 37.b3? (37.Bd7+) Rb8 38.Re7+ Kf5 39.Bd7 Nxd7 40.Rxd7 Rxb4
(40...Bxb3) 41.Rxd5+ Ke6 42.Rd8 Rxb3 43.g3 Kf5 44.h3 Rb6 45.Kf1 Rb1+
46.Kg2 Ke5 47.Re8+?? Kd4 48.Rd8+ Kc3 49.Rc8+ Kd2 50.Rc4 f5 51.g4 e3
52.fxe3 Kxe3 53.Rc8 d2 54.Re8+ Kf4 0-1

[Event "Finland Team Ch 2011-2012"]
[Site "Helsinki FIN"]
[Date "2011.10.15"]
[Round "2"]
[White "Lindholm, Arto"]
[Black "Kauppala, Pekka"]
[Result "1/2-1/2"]
[Section "II Division:1"]
[Board "1"]
[WhiteTeam "Espoon Shakkikerho 2"]
[BlackTeam "Lauttasaaren Shakkikerho"]
[WhiteElo "1960"]
[BlackElo "2119"]

1.d4 Nf6 2.Nf3 c5 3.c3 e6 4.Bf4 Nc6 5.e3 Be7 6.Be2 O-O 7.h3 a6 8.a4 b6
9.O-O Bb7 10.Nbd2 d5 11.Ne5 c4 12.Qc2 b5 13.b4 cxb3? (13...Nxe5)
14.Qxb3 Na5 15.Qb2 bxa4? (15...bxa4 16.Rxa4 Ra7 17.Rfa1 Nc6 18.Rxa6
{+/-}) 1/2-1/2

[Event "Finland Team Ch 2011-2012"]
[Site "Helsinki FIN"]
[Date "2011.10.15"]
[Round "2"]
[White "Heikkinen, Jyrki"]
[Black "Puroila, Sippo"]
[Result "1-0"]
[Section "II Division:1"]
[Board "2"]
[WhiteTeam "Lauttasaaren Shakkikerho"]
[BlackTeam "Espoon Shakkikerho 2"]
[WhiteElo "2062"]
[BlackElo "1893"]

1.d4 Nf6 2.Nc3 c5 3.d5 e5 4.e4 d6 5.Nge2 Nbd7 6.Ng3 g6 7.h4 h5 8.Bg5
Be7 9.Be2 a6 10.a4 b6 11.Qd2 Ng8 12.Bxe7 Qxe7 13.Ra3 Ngf6 14.Rb3 Qd8
15.Nf1 Kf8 16.Ne3 Kg7 17.Nc4? (17.f3) Qc7 (17...b5! 18.axb5 axb5
19.Rxb5 Ra1+ 20.Bd1 Ba6 {=/+}) 18.Qg5 Rb8 19.f3 Nh7? 20.Qe7 Nhf6 21.Nxd6
(21.Qxd6? Qd8 22.Nxe5 Ne8 23.Nxf7 Nxd6 24.Nxd8 Rxd8) Rf8 22.g4 Ng8?
23.Nf5+ (23.Qxf7+! {+-}) gxf5? (23...Kh7 24.d6! {+/-}) 24.Qg5+ Kh8
25.Qxh5+ Kg7 26.Qg5+ (26.gxf5! Re8 27.d6 Qxd6 28.Rg1+ Kf8 29.Nd5 {+-})
Kh8 27.gxf5 Ndf6?? (27...Qd6 {=}) 28.Rg1 1-0

[Event "Finland Team Ch 2011-2012"]
[Site "Helsinki FIN"]
[Date "2011.10.15"]
[Round "2"]
[White "Kokko, Esa"]
[Black "Ertbjerg, Per"]
[Result "0-1"]
[Section "II Division:1"]
[Board "3"]
[WhiteTeam "Espoon Shakkikerho 2"]
[BlackTeam "Lauttasaaren Shakkikerho"]
[WhiteElo "1846"]
[BlackElo "2035"]

1.d4 Nf6 2.c4 e5 3.dxe5 Ne4 4.Nf3 Nc6 5.a3 d6 6.e3 Bf5 7.Be2 dxe5
8.O-O Qf6 9.b4 Be7 10.Bb2 O-O 11.b5 Rfd8 12.Qe1 Nb8 13.Bxe5 Qb6 14.Nd4
Bg6 15.Nc3 Nxc3 16.Qxc3 Nd7 17.Bg3 (17.Bxg7!) Bf6 18.a4 c5 19.bxc6
bxc6 20.a5 Qa6 21.Bf3 c5 22.Bxa8 Rxa8 23.Rac1 Rc8 24.Qb3 cxd4 25.exd4
Bxd4 26.Rfd1 Nc5 27.Qa3 Qf6 28.Rd2 Ne4 29.Re2 h5 30.h4 Bc5 31.Qb3 Rd8
32.Rce1 Qd4 (32...Nxg3) 33.Bf4 f5 (33...Nc3! 34.Re8+ Kh7) 34.Be3 Qd6
35.Bxc5 Qxc5 36.Kf1? (36.Qb5) Nd2+ 37.Rxd2 Rxd2 38.Qb8+ Kh7 39.Qg3
Qxc4+ 40.Kg1 Re2 41.Rd1 Qe4 42.f3 Qe3+ 43.Kh2 f4 44.Qg5 Qxf3 45.Rd6
Qg3+ (45...Qg4!) 46.Qxg3 fxg3+ 47.Kxg3 Ra2 48.Ra6 Be4 49.Rxa7 Rxg2+
50.Kh3 Ra2 51.Kg3 Bd3 52.Kf4 Kg6 53.Ke3 Bf1 54.Kf4 Kf6 55.Ra8 Ra4+
56.Kg3 Ke5 57.Re8+ Kd6 58.Rf8 Be2 59.Kf2 Bc4 60.Rf5 Ra2+ 61.Ke3 Be2
62.Rg5 Bg4 63.Kd4 Ra4+ 64.Kc3 Ke6 65.Rxg7 Rxa5 66.Rg6+ Kf7 67.Rb6 Rd5
68.Rb2 Kf6 69.Rf2+ Ke5 70.Rh2 Kf4 71.Kc4 Rd1 0-1

[Event "Finland Team Ch 2011-2012"]
[Site "Helsinki FIN"]
[Date "2011.10.15"]
[Round "2"]
[White "Sobenin, Evgeny"]
[Black "Lehtinen, Tero"]
[Result "1/2-1/2"]
[Section "II Division:1"]
[Board "4"]
[WhiteTeam "Lauttasaaren Shakkikerho"]
[BlackTeam "Espoon Shakkikerho 2"]
[WhiteElo "1935"]
[BlackElo "1871"]

1.b3 Nf6 2.Bb2 d5 3.e3 g6 4.f4 Bg7 5.Nf3 O-O 6.Be2 Ne4 7.Bxg7 Kxg7
8.O-O Nc6 9.Qe1 e6 10.d4 Qe7 11.a3 f6 12.c4 Nd8 13.Nc3 Nxc3 14.Qxc3
Nf7 15.Rfe1 c6 16.c5 Qc7 17.b4 Bd7 18.a4 Rae8 19.Bf1 Kg8 20.g3 e5
21.Bg2 e4 22.Nd2 Qc8 23.Qb3 Bh3 24.b5 Re7 25.a5 h5 26.b6 a6 27.Qd1 Bg4
28.Qc2 h4 29.Nb3 Nh6 30.Qf2 Kg7 31.Rec1 Rh8 32.Kf1 (32.Nd2) Nf5
(32...Bf3! {-+}) 33.Ke1 hxg3 34.hxg3 Bf3 35.Kd2 Rh2 36.Rg1 Qh8
(36...Re8) 37.Rae1 Nh6 38.Kc3 Ng4 39.Qf1 Bxg2 40.Rxg2 f5 41.Qe2 Kf6
42.Rxh2 Nxh2 43.Rh1 Rh7 44.Qg2 Ng4 45.Rxh7 Qxh7 46.Qg1 Qh5 47.Nd2 Nh6
48.Qe1 Qh2 49.Kb3 Ng4 50.Nf1 Qg1 (50...Qg2 51.Nd2 Nh2) 51.Qe2 Nf2
52.Kc3 Nh1 53.Kb2 Nxg3 54.Nxg3 Qxg3 55.Kc2 Qh3 56.Qf2 Qh1 57.Qg3 Qh5
58.Kc3 Qg4 59.Qh2 Kg7 60.Kd2 Kg8 61.Kc2 Qf3 62.Qh4 Qe2+ 63.Kb1 Qd3+
64.Kb2 Qb5+ 65.Kc2 Qc4+ 66.Kb2 Qb4+ 67.Kc2 Qa4+ 68.Kb2 Qb5+ 69.Kc2
Qe2+ 70.Kb1 Qd1+ 71.Kb2 Qd2+ 72.Kb1 1/2-1/2

[Event "Finland Team Ch 2011-2012"]
[Site "Helsinki FIN"]
[Date "2011.10.15"]
[Round "2"]
[White "Karasmäki, Seppo"]
[Black "Järvinen, Seppo"]
[Result "1-0"]
[Section "II Division:1"]
[Board "5"]
[WhiteTeam "Espoon Shakkikerho 2"]
[BlackTeam "Lauttasaaren Shakkikerho"]
[WhiteElo "1749"]
[BlackElo "1891"]

1.d4 d5 2.Nf3 Bf5 3.Bf4 e6 4.e3 Bd6 5.Bxd6 Qxd6 6.c3 Nd7 7.Nbd2 Ngf6
8.Be2 O-O 9.O-O c5 10.Nh4 Bg6 11.Nxg6 fxg6 12.Nf3 Ne4 13.Bd3 Ndf6
14.Ne5 cxd4 15.exd4 Ng5 16.Re1 Rae8 17.Qc1 Nf7 18.Bxg6 hxg6 19.Nxg6
Nh6 20.Nxf8 Rxf8 21.f3 Kf7 22.Qg5 Rh8 23.Qe5 Nf5 24.g4 Qxe5 25.dxe5
Nh4 26.Kf2 Nd7 27.f4 Nc5 (27...g5) 28.Re3 (28.Rad1) g5 (28...Ng6)
29.fxg5 Kg6 30.Kg1 Kxg5 31.Rf1 Ne4 32.h3 Ng6 33.c4 Nxe5?? (33...Nd2
{-/+}) 34.cxd5 exd5 35.Rf5+ 1-0

[Event "Finland Team Ch 2011-2012"]
[Site "Helsinki FIN"]
[Date "2011.10.15"]
[Round "2"]
[White "Miikkulainen, Jouko"]
[Black "Vesely, Petr"]
[Result "1/2-1/2"]
[Section "III Division:4"]
[Board "1"]
[WhiteTeam "Itä-Helsingin Shakkikerho 4"]
[BlackTeam "Lauttasaaren Shakkikerho 2"]
[WhiteElo "1764"]
[BlackElo "1933"]

1.c4 c5 2.g3 Nc6 3.Bg2 Nf6 4.Nc3 d6 5.Nf3 Bg4 6.O-O Qd7 7.d3 e5 8.Bg5
Be7 9.Bxf6 Bxf6 10.Nd5 Bd8 11.a3 O-O 12.b4 b6 13.b5 Nd4 14.Ne3 Nxf3+
15.exf3 Bh3 16.Re1 Bxg2 17.Kxg2 f5 18.Nd5 Bf6 19.Ra2 Rae8 20.Rae2 Bg5
21.Rh1 Re6 22.h4 Bh6 23.Qe1 Rfe8 24.g4 g6 25.g5 Bg7 26.Qd2 Kf7 1/2-1/2

[Event "Finland Team Ch 2011-2012"]
[Site "Helsinki FIN"]
[Date "2011.10.15"]
[Round "2"]
[White "Piippo, Mikko"]
[Black "Kangas, Mauno"]
[Result "1-0"]
[Section "III Division:4"]
[Board "2"]
[WhiteTeam "Lauttasaaren Shakkikerho 2"]
[BlackTeam "Itä-Helsingin Shakkikerho 4"]
[WhiteElo "1831"]
[BlackElo "1740"]

1.d4 Nf6 2.Nf3 g6 3.Bg5 Bg7 4.Nbd2 O-O 5.e4 d6 6.Bd3 Na6 7.c3 c5 8.O-O
Nc7 9.h3 Ne6 10.Be3 Nh5 11.d5 Nef4 12.Bc2 Qd7 13.Nh2 Nxg2 14.Kxg2
Qxh3+ 15.Kh1 Be5 16.f4 Ng3+ 17.Kg1 Nxf1 18.Ndxf1 Bg7 19.Qf3 h5 20.Qxh3
Bxh3 21.Ng3 Bh6 22.Re1 h4 23.Ne2 f5 24.e5 dxe5 25.Bxc5 exf4 26.Bxe7
Rfe8 27.Bxh4 g5 28.Bf2 g4 29.Bxf5 g3 30.Bxh3 gxh2+ 31.Kxh2 f3 32.Rg1+
Kf7 33.Be6+ Ke7 34.Ng3 Bf4 35.Re1 Kd6 36.c4 b6 37.b4 Re7?? 38.c5+ Kc7
39.d6+ Kd8 40.dxe7+ Kxe7 41.Bd5+ Kf6 42.Bxa8 bxc5 43.Bxc5 1-0

[Event "Finland Team Ch 2011-2012"]
[Site "Helsinki FIN"]
[Date "2011.10.15"]
[Round "2"]
[White "Vallius, Kalevi"]
[Black "Turtiainen, Kimmo"]
[Result "0-1"]
[Section "III Division:4"]
[Board "3"]
[WhiteTeam "Itä-Helsingin Shakkikerho 4"]
[BlackTeam "Lauttasaaren Shakkikerho 2"]
[WhiteElo "1491"]
[BlackElo "1799"]

1.d4 d5 2.Nf3 Nf6 3.Bg5 e6 4.Nbd2 Be7 5.e3 Nbd7 6.c3 c6 7.Bd3 a5 8.a4
O-O 9.O-O Re8 10.Bf4 Nh5 11.Be5 g6 12.Qc2 f5 13.Be2 Rf8 14.g3 Nhf6
15.Kg2 Ng4 16.Rh1 Ngxe5 17.dxe5 Qc7 18.h4 Nxe5 19.Nd4 Nf7 20.N4f3 e5
21.c4 Qd6 22.Rad1 e4 23.Nd4 Ne5 24.Rc1 Bd7 25.b3 Rac8 26.c5 Qf6 27.f4
exf3+ 28.N2xf3 Ng4 29.Qd2 Rce8 30.Ng5? Nxe3+ 31.Kh2 Bd8 (31...f4!)
32.Ndf3 Bc7 33.Nh3 f4 34.Nxf4 Bxf4 35.Qd4 Ng4+ 0-1

[Event "Finland Team Ch 2011-2012"]
[Site "Helsinki FIN"]
[Date "2011.10.15"]
[Round "2"]
[White "Siikonen, Timo"]
[Black "Byysing, Veikko"]
[Result "1-0"]
[Section "III Division:4"]
[Board "4"]
[WhiteTeam "Lauttasaaren Shakkikerho 2"]
[BlackTeam "Itä-Helsingin Shakkikerho 4"]
[WhiteElo "1780"]
[BlackElo "1479"]

1.e4 b6 2.d4 Bb7 3.Nc3 e6 4.Nf3 Nf6 5.Bd3 d6 6.Bg5 Be7 7.O-O O-O 8.Qe2
Nfd7 9.Bxe7 Qxe7 10.e5 dxe5 11.Nxe5 Nxe5 12.Qxe5 Nc6 13.Qe4 g6 14.Ne2
Rab8 15.Qf4 Nb4 16.Be4 Bxe4 17.Qxe4 Nd5 18.Rfe1 Qg5 19.c3 Qd8 20.Rad1
Nf6 21.Qe5 Ng4 22.Qf4 Nf6 23.Kh1 Nd5 24.Qg3 Ne7 25.Ng1 Rc8 26.Nf3 Nf5
27.Qh3 Kg7 28.Qg4 Nh6 29.Qf4 Nf5 30.Ne5 Qd6 31.Qg4 Qe7 32.a3 Qh4
33.Qxh4 Nxh4 34.Nc6 a5 35.g3 Nf5 36.d5 exd5 37.Rxd5 Nd6 38.Re2 Rfe8
39.Rde5 Rxe5 40.Rxe5 Nc4 41.Re2 Kf8 42.Ne5 Re8?? 43.Nd7+ Kg7 44.Rxe8
Nxb2 45.Rc8 c5 46.Nxb6 Nd3 47.Nd7 Nxf2+ 48.Kg2 Ne4 49.Nxc5 Nd6 50.Ra8
Nb5 51.Rxa5 Nxc3 52.Kf3 Kf6 53.Ne4+ 1-0

[Event "Finland Team Ch 2011-2012"]
[Site "Helsinki FIN"]
[Date "2011.10.15"]
[Round "2"]
[White "Rautio, Reijo"]
[Black "Rännäri, Osmo"]
[Result "1/2-1/2"]
[Section "III Division:2"]
[Board "2"]
[WhiteTeam "Lauttasaaren Shakkikerho 3"]
[BlackTeam "Helsingin Shakkiklubi 5"]
[WhiteElo "1738"]
[BlackElo "1790"]

1.e4 e5 2.Nf3 Nc6 3.d4 exd4 4.Nxd4 Bc5 5.Be3 Qf6 6.c3 Nge7 7.Bc4 Ne5
8.Be2 N7g6 9.Qd2 Qe7 10.b4 Bb6 11.O-O d6 12.h3 O-O 13.Na3 Bd7 14.Nac2
Rad8 15.f4 Nc6 16.f5 Nge5 17.f6 gxf6 18.Nf5 Bxf5 19.Rxf5 Ng6
(19...Nd7) 20.Bxb6 axb6 21.Qh6 (21.Ne3! Qxe4 22.Ng4 Kh8 23.Bd3) Qxe4
22.Rh5 Nf4 23.Bf3 Qxc2 24.Qxf4 Qg6 25.Rh4 Ne5 26.Be4 Qg5 27.Rf1 Qxf4
28.Rhxf4 Ng6 29.Rxf6 c6 30.b5 Ne5 31.Rh6 Ng6 32.bxc6 Kg7 33.Rh5 bxc6
34.Bxc6 Rc8 35.Be4 Rxc3 36.Rb1 Rc5 37.Bxg6 (37.Bf3) hxg6 38.Rh4 b5
39.Rhb4 Ra8 40.Rxb5 Rxb5 41.Rxb5 Rxa2 42.Rd5 Ra6 43.g4 Kf6 44.Kg2 Ke6
45.Rd3 d5 46.g5 Ra4 47.Kg3 Re4 48.Kf3 Kd6 49.Ra3 Rc4 50.Ra7 Rc7 51.Ra3
Re7 52.Ra8 d4 53.Rd8+ Kc5 54.Rc8+ Kd5 55.Rd8+ Kc4 56.Rc8+ Kd3 57.Rd8
Kc3 58.h4 d3 59.Rc8+ Kd2 60.Kf2 Kd1 61.Rd8 Kd2 (61...d2 62.Rc8 Re2+
63.Kf1 Re4 64.Kf2 Rxh4 65.Rc7 Rf4+ 66.Ke3 Ke1) 62.Rc8 Re4 63.Rc7 Rf4+
64.Kg3 Rf5 (64...Ke3) 65.Kg4 Rf1 66.Kg3 Kd1 67.Kg2 Rf5 68.Kg3 d2
69.Kg4 Re5 70.Rxf7 Ke2 71.Rd7 d1=Q 72.Rxd1 Kxd1?? (72...Re4+ {-+}) 73.h5
gxh5+ 74.Kxh5 Kd2 75.Kh6 Ke3 76.g6 1/2-1/2

[Event "Finland Team Ch 2011-2012"]
[Site "Helsinki FIN"]
[Date "2011.10.15"]
[Round "2"]
[White "Heikkilä, Samu"]
[Black "Laaksovuori, Tommi"]
[Result "0-1"]
[Section "III Division:2"]
[Board "3"]
[WhiteTeam "Helsingin Shakkiklubi 5"]
[BlackTeam "Lauttasaaren Shakkikerho 3"]
[WhiteElo "1740"]
[BlackElo "1699"]

1.g4 d5 2.Bg2 e5 3.c4 Bxg4 4.Qb3 Nd7 5.Qxb7 Ngf6 6.Nc3?? (6.cxd5) Nc5
7.Qb5+ Bd7? (7...c6 8.Qxc6+ Bd7 {-+}) 8.Qa5 Nb7 9.Qa6 Nc5 10.Qa5 Bd6
11.Nxd5 Nxd5 12.Bxd5 O-O 13.Bxa8 Qxa8 14.f3 Qd8 15.h4 e4 16.b4 Ne6
(16...Qf6! 17.Rb1 exf3 18.Nxf3 Re8 {-+}) 17.Bb2 Bg3+ 18.Kd1 Bc6 19.b5
Ba8 20.Qc3 f6 21.fxe4 Be5 22.Qh3 Nf4 23.Qb3 Ng2 (23...Bxe4) 24.Bxe5
(24.c5+ Kh8 25.c6 {+-}) fxe5 25.Nf3 Bxe4 26.Rg1 Bxf3 27.exf3 Qd4 28.Kc2
Nxh4 29.Rgf1 Nxf3 (29...Qf4) 30.Rxf3 (30.c5+ Kh8 31.Rxf3 {+-}) Rxf3
31.Qxf3 Qxa1 32.Qd5+ Kf8 33.Qd8+ Kf7 34.Qxc7+ Kf6 35.Qd8+ (35.Qxa7 {+-})
Kg6 36.Qa5 Qd4 37.Qc3 Qc5 38.a4 e4 39.d4 (39.a5) Qf5 40.Qg3+ Kf7
41.Qc7 Kf6 42.Qe5+? Qxe5 43.dxe5+ Kxe5 44.a5 Kd6 45.b6?? (45.Kd2 {=})
axb6 46.axb6 Kc6 47.c5 h5 48.Kd2 h4 49.Ke3 h3 0-1